Драматические произведения. Переводы. Статьи; Дон Жуан в Египте; Игра; Актеон; Гондла; Дитя Аллаха; Отравленная туника; Дерево превращений; Охота на носорога; Ахилл и Одиссей; Три жены Мандарина; Зеленый тюльпан; Красота Морни; Переводы; Статьи

Détails bibliographiques
Auteur principal: Гумилев Н. С. Николай Степанович
Autres auteurs: Золотницкий Д. И. (автор предисловия)
Langue:russe
Publié: Ленинград, Искусство, 1990
TOC:Дон Жуан в Египте;
Игра;
Актеон;
Гондла;
Дитя Аллаха;
Отравленная туника;
Дерево превращений;
Охота на носорога;
Ахилл и Одиссей;
Три жены Мандарина;
Зеленый тюльпан;
Красота Морни;
Переводы;
Статьи;
Collection:Библиотека русской драматургии
Sujets:
Format: Livre
KOHA link:https://koha.lib.tpu.ru/cgi-bin/koha/opac-detail.pl?biblionumber=113450

MARC

LEADER 00000nam0a2200000 4500
001 113450
005 20240507093943.0
010 |a 5210002845 
020 |a RU  |b 90-62661 
035 |a (RuTPU)RU\TPU\book\122705 
090 |a 113450 
100 |a 20070411d1990 m y0rusy5003 ca 
101 0 |a rus 
102 |a RU 
105 |a a z 000ay 
200 1 |a Драматические произведения. Переводы. Статьи  |f Н. С. Гумилев  |g авт. предисл. с. 3-38, и сост. Д. И. Золотницкий 
210 |a Ленинград  |c Искусство  |d 1990 
215 |a 404,[1] с., [1] л. портр.  |d 20 см 
225 1 |a Библиотека русской драматургии 
320 |a Библиогр. в примеч.: с. 371-404. 
464 |t Дон Жуан в Египте  |o Одноактная пьеса в стихах 
464 |t Игра  |o Драматическая сцена 
464 |t Актеон  |o Одноактная пьеса встихах 
464 |t Гондла  |o Драматическая поэма в четырех действиях 
464 |t Дитя Аллаха  |o Арабская сказка в трех картинах 
464 |t Отравленная туника  |o Трагедия в пяти действиях 
464 |t Дерево превращений  |o Пьеса в трех действиях для детей 
464 |t Охота на носорога  |o Пьеса в двух действиях из доисторической жизни 
464 |t Ахилл и Одиссей 
464 |t Три жены Мандарина   |o (Отрывок) 
464 |t Зеленый тюльпан  |o Одноактная пьеса в стихах 
464 |t Красота Морни  |o Драма из ирландской жизни в четырех действиях 
464 |t Переводы 
464 |t Статьи 
610 1 |a русская литература 
610 1 |a драматургия 
610 1 |a переводы 
675 |a Р1  |z rus  |v 3 
700 1 |a Гумилев  |b Н. С.  |c русский поэт  |f 1886-1921  |g Николай Степанович  |2 stltpush  |3 (RuTPU)RU\TPU\pers\1218  |9 542 
702 1 |a Золотницкий  |b Д. И.  |4 080 
801 0 |a RU  |b RuMRKP  |c 19950417  |g psbo 
801 1 |a RU  |b 63413507  |c 20070411  |g PSBO 
801 2 |a RU  |b 63413507  |c 20070828  |g PSBO 
942 |c BK